000 01190cam a2200181 a 4500
999 _c575
_d575
020 _a9780133346831
020 _a0133346838
050 0 0 _aR123
_b.T87 TUR REF
100 1 _aTurley, Susan M.
245 1 0 _aMedical language /
_cSusan M. Turley.
250 _a3rd ed.
260 _aUpper Saddle River, N.J. :
_bPearson Education,
_cc2014.
300 _axxix, 958, A-24, AK-34, PC-3, I-28 p. :
_bcol. ill. ;
_c28 cm.
500 _aIncludes index.
505 0 _aThe structure of medical language -- The body in health and disease -- Gastroenterology. Gastrointestinal system -- Pulmonology. Respiratory system -- Cardiology. Cardiovascular system -- Hematology and immunology. Blood and lymphatic system -- Dermatology. Integumentary system -- Orthopedics. Skeletal system -- Orthopedics. Muscular system -- Neurology. Nervous system -- Urology. Urinary system -- Male reproductive medicine. Male genitourinary system -- Gynecology and obstetrics. Female genital and reproductive system -- Endocrinology. Endocrine system -- Ophthalmology. Eye -- Otolaryngology. Ears, nose, and throat -- Psychiatry -- Oncology -- Radiology and nuclear medicine.
650 1 2 _aTerminology as Topic
942 _cBK